Different children,different needs (Record no. 17353)

000 -LEADER
fixed length control field 00901nam a2200253 a 4500
001 - CONTROL NUMBER
control field :::00021270$&:&@@
003 - CONTROL NUMBER IDENTIFIER
control field OkBaRHE
005 - DATE AND TIME OF LATEST TRANSACTION
control field 20090408115653.0
008 - FIXED-LENGTH DATA ELEMENTS--GENERAL INFORMATION
fixed length control field s1994 j 000 0 eng u
020 ## - INTERNATIONAL STANDARD BOOK NUMBER
International Standard Book Number 0880706856
040 ## - CATALOGING SOURCE
Transcribing agency
100 1# - MAIN ENTRY--PERSONAL NAME
Personal name Boyd, Charles F ( Charles Franklin),1954-
245 10 - TITLE STATEMENT
Title Different children,different needs
Statement of responsibility, etc Addittional Author Robert A Rohn, Ph.D.
250 ## - EDITION STATEMENT
Edition statement revised edition 2004
260 ## - PUBLICATION, DISTRIBUTION, ETC. (IMPRINT)
Place of publication, distribution, etc Sisters, Oregon
Name of publisher, distributor, etc Multnomah Publishers Inc.
Date of publication, distribution, etc c1994
650 ## - SUBJECT ADDED ENTRY--TOPICAL TERM
Topical term or geographic name as entry element Child psychology
650 ## - SUBJECT ADDED ENTRY--TOPICAL TERM
Topical term or geographic name as entry element Child rearing.
650 ## - SUBJECT ADDED ENTRY--TOPICAL TERM
Topical term or geographic name as entry element Individual differences in children.
650 ## - SUBJECT ADDED ENTRY--TOPICAL TERM
Topical term or geographic name as entry element Parenting
650 ## - SUBJECT ADDED ENTRY--TOPICAL TERM
Topical term or geographic name as entry element Typology(Psychology).
942 ## - ADDED ENTRY ELEMENTS (KOHA)
Source of classification or shelving scheme
Koha item type Books
Copies
Full call number Total Renewals Date acquired Lost status Copy number Permanent Location Date last seen Source of classification or shelving scheme Not for loan Total Checkouts Current Location Withdrawn status Date checked out Price effective from Koha item type Shelving location Damaged status Barcode
HQ 772 .B6437 2010-04-14 2RHEMA Bible Training College2010-04-14      2010-04-14BooksGeneral Stacks 21271
HQ 772 .B643712010-04-14 1RHEMA Bible Training College2021-04-29  1RHEMA Bible Training College 2021-03-292010-04-14BooksGeneral Stacks 21270